000 00591nam a2200217Ia 4500
008 101110s9999 xx 000 0 und d
041 _aENGLISH
082 _bJR5010
100 _aPawar C.B., Jagtap A.N., Salunkhe S.B., Kabra P.A. & others
245 _aBiological science XI Sci.
260 _c2006
_bSheth Prakashan, Nagpur
300 _a312
365 _b59
520 _aBiology/Zoology
546 _aENGLISH
630 _aBiological science XI Sci.
650 _aBiology/Zoology
655 _aBiology/Zoology
730 _aBiological science XI Sci.
942 _cBOOK
999 _c795817
_d795814